[Event "TCh-FRA Top 12 2021"]
[Site "Chalons en Champagne FRA"]
[Date "2021.06.30"]
[Round "7.4"]
[Board "5"]
[White "Jones, Gawain C B"]
[Black "Gozzoli, Yannick"]
[Result "1/2-1/2"]
[WhiteTitle "GM"]
[BlackTitle "GM"]
[WhiteElo "2677"]
[BlackElo "2600"]
[WhiteTeam "Echiquier Chalonnais"]
[BlackTeam "Asnieres Le Grand Echiquier"]
[WhiteFideId "409561"]
[BlackFideId "616915"]
[EventDate "2021.06.24"]

1. e4 e5 2. Nf3 Nc6 3. Bb5 a6 4. Ba4 Nf6 5. O-O Be7 6. d3 b5 7. Bb3 O-O 8. a4
Bb7 9. Bg5 Nd4 10. Nxd4 exd4 11. axb5 axb5 12. Rxa8 Bxa8 13. Na3 Bc6 14. Re1 d6
15. c3 h6 16. Bh4 dxc3 17. bxc3 Nd7 18. Bxe7 Qxe7 19. Nc2 Nb6 20. Qh5 Bd7 21.
Ne3 Ra8 22. g3 c6 23. h4 Be6 24. Nf5 Bxf5 25. Qxf5 Ra3 26. Rb1 Qf6 27. Qxf6 gxf6
28. Kf1 Na4 29. Bxa4 bxa4 30. Ke2 Rxc3 31. Kd2 Rc5 32. Rb8+ Kg7 33. Ra8 f5 34.
Rxa4 fxe4 35. dxe4 Kf6 36. f4 h5 37. Ra8 Rc4 38. Kd3 Rb4 39. Ra6 Rb3+ 40. Kc4
Rxg3 41. Rxc6 Rg4 42. e5+ Ke7 43. exd6+ Kd7 44. Kd5 Rxf4 45. Rc7+ Kd8 46. Rc4
Rxc4 47. Kxc4 Kd7 48. Kc5 f5 49. Kd5 f4 50. Ke4 Kxd6 51. Kxf4 Ke6 52. Kg5 Ke5 1/2-1/2

[Event "TCh-FRA Top 12 2021"]
[Site "Chalons en Champagne FRA"]
[Date "2021.06.30"]
[Round "7.4"]
[Board "6"]
[White "Degraeve, Jean-Marc"]
[Black "Velten, Paul"]
[Result "1/2-1/2"]
[WhiteTitle "GM"]
[BlackTitle "GM"]
[WhiteElo "2527"]
[BlackElo "2482"]
[WhiteTeam "Asnieres Le Grand Echiquier"]
[BlackTeam "Echiquier Chalonnais"]
[WhiteFideId "600270"]
[BlackFideId "681091"]
[EventDate "2021.06.24"]

1. e4 c6 2. d4 d5 3. exd5 cxd5 4. Bd3 Nc6 5. c3 Qc7 6. Ne2 e6 7. Bf4 Bd6 8. Bxd6
Qxd6 9. O-O Nge7 10. Nd2 O-O 11. f4 Bd7 12. Nf3 f6 13. Qc2 g6 14. Rae1 Rae8 15.
Qd2 Rf7 16. a3 Ref8 17. b4 Nc8 18. c4 dxc4 19. Bxc4 Nb6 20. Bb3 Ne7 21. Nc3 Ned5
22. Ne4 Qxf4 23. Nc5 Qxd2 24. Nxd2 1/2-1/2

[Event "TCh-FRA Top 12 2021"]
[Site "Chalons en Champagne FRA"]
[Date "2021.06.30"]
[Round "7.4"]
[Board "8"]
[White "Guichard, Pauline"]
[Black "Alexieva, Silvia"]
[Result "1-0"]
[WhiteTitle "IM"]
[BlackTitle "IM"]
[WhiteElo "2413"]
[BlackElo "2271"]
[WhiteTeam "Asnieres Le Grand Echiquier"]
[BlackTeam "Echiquier Chalonnais"]
[WhiteFideId "639370"]
[BlackFideId "2902265"]
[EventDate "2021.06.24"]

1. d4 Nf6 2. c4 e6 3. Nf3 d5 4. Nc3 Nbd7 5. Bf4 c6 6. c5 Nh5 7. e3 Nxf4 8. exf4
g6 9. h4 Bg7 10. b4 a5 11. a3 Qc7 12. g3 b6 13. Qc1 axb4 14. axb4 Rxa1 15. Qxa1
bxc5 16. bxc5 O-O 17. Bd3 Bb7 18. O-O Ra8 19. Qb2 Ra5 20. Ra1 Bc8 21. Kg2 Qa7
22. Rc1 Ba6 23. Bb1 h5 24. Qd2 Ra3 25. Qe3 Nf8 26. Bc2 Bc4 27. Nd2 Qa5 28. Ndb1
Ra1 29. Rd1 Qb4 30. Kh2 Qb2 31. Ba4 Qb7 32. Nd2 Rxd1 33. Nxd1 Ba6 34. Nf3 Nd7
35. Qe1 Bf6 36. Kg2 Bb5 37. Bxb5 Qxb5 38. Ne3 Qd3 39. Qa1 Qb5 40. Qa7 Nf8 41.
Nf1 Kg7 42. N1d2 Qd3 43. Qc7 Nh7 44. Qxc6 Bxd4 45. Qc7 Bc3 46. Nf1 Qe4 47. c6
Nf6 48. Qa7 d4 49. c7 Qc6 50. Qb8 Nd7 51. c8=Q Nxb8 52. Qxb8 d3 53. Qd8 Qe4 54.
Qc7 Bb2 55. Nd2 Qd5 56. Qc4 Qd8 57. Ne1 1-0

[Event "TCh-FRA Top 12 2021"]
[Site "Chalons en Champagne FRA"]
[Date "2021.06.30"]
[Round "7.5"]
[Board "1"]
[White "Heimann, Andreas"]
[Black "Alonso Rosell, Alvar"]
[Result "1/2-1/2"]
[WhiteTitle "GM"]
[BlackTitle "GM"]
[WhiteElo "2599"]
[BlackElo "2572"]
[WhiteTeam "Philidor Mulhouse"]
[BlackTeam "Club 608 Paris"]
[WhiteFideId "24624632"]
[BlackFideId "2270544"]
[EventDate "2021.06.24"]

1. e4 c6 2. d4 d5 3. Nc3 dxe4 4. Nxe4 Nf6 5. Nxf6+ exf6 6. c3 Bd6 7. Bd3 O-O 8.
Ne2 Re8 9. Qc2 h5 10. O-O h4 11. h3 Nd7 12. Be3 Nf8 13. Rad1 Bc7 14. c4 Qd6 15.
Bf4 Rxe2 16. Bxd6 Rxc2 17. Ba3 Be6 1/2-1/2

[Event "TCh-FRA Top 12 2021"]
[Site "Chalons en Champagne FRA"]
[Date "2021.06.30"]
[Round "7.5"]
[Board "2"]
[White "Ramirez Garcia, Jorge Alberto"]
[Black "Bluebaum, Matthias"]
[Result "0-1"]
[WhiteTitle "FM"]
[BlackTitle "GM"]
[WhiteElo "2305"]
[BlackElo "2669"]
[WhiteTeam "Club 608 Paris"]
[BlackTeam "Philidor Mulhouse"]
[WhiteFideId "5108101"]
[BlackFideId "24651516"]
[EventDate "2021.06.24"]

1. e4 c6 2. d4 d5 3. e5 c5 4. dxc5 e6 5. a3 Bxc5 6. Nf3 a6 7. Bd3 Nc6 8. O-O
Nge7 9. b4 Ba7 10. c4 Ng6 11. Bb2 Nf4 12. Nc3 O-O 13. Rc1 h6 14. Ne2 Nxd3 15.
Qxd3 dxc4 16. Qxc4 Bd7 17. Ng3 Ne7 18. Rfd1 Rc8 19. Qg4 Ng6 20. Nh5 Qe7 21. h3
Ba4 22. Rd3 Rxc1+ 23. Bxc1 Rd8 24. Rxd8+ Qxd8 25. Bf4 Qd1+ 26. Kh2 Bxf2 27. h4
Bxh4 28. Bxh6 gxh6 29. Nf4 h5 30. Qxh5 Nxf4 31. Qxh4 Ng6 32. Qh6 Qd5 0-1

[Event "TCh-FRA Top 12 2021"]
[Site "Chalons en Champagne FRA"]
[Date "2021.06.30"]
[Round "7.5"]
[Board "3"]
[White "Istratescu, Andrei"]
[Black "Song, Julien"]
[Result "1/2-1/2"]
[WhiteTitle "GM"]
[BlackTitle "IM"]
[WhiteElo "2553"]
[BlackElo "2328"]
[WhiteTeam "Philidor Mulhouse"]
[BlackTeam "Club 608 Paris"]
[WhiteFideId "1200372"]
[BlackFideId "659487"]
[EventDate "2021.06.24"]

1. e4 e5 2. Nf3 Nf6 3. Nxe5 d6 4. Nf3 Nxe4 5. d4 d5 6. Bd3 Bd6 7. O-O O-O 8. c4
c6 9. Qc2 h6 10. Bxe4 dxe4 11. Qxe4 Re8 12. Qd3 Bg4 13. h3 Bh5 14. Nbd2 Na6 15.
a3 Nc5 16. Qc3 Ne6 17. Re1 Bc7 18. b4 Nf4 19. Ne4 Qd7 20. Bxf4 Bxf4 21. Ne5 Qc7
22. c5 Rxe5 23. dxe5 Bxe5 24. Qc1 Bxa1 25. Qxa1 a5 26. Qc3 1/2-1/2

[Event "TCh-FRA Top 12 2021"]
[Site "Chalons en Champagne FRA"]
[Date "2021.06.30"]
[Round "7.5"]
[Board "4"]
[White "Baillon, Olivier"]
[Black "Gajewski, Grzegorz"]
[Result "0-1"]
[BlackTitle "GM"]
[WhiteElo "2213"]
[BlackElo "2603"]
[WhiteTeam "Club 608 Paris"]
[BlackTeam "Philidor Mulhouse"]
[WhiteFideId "616141"]
[BlackFideId "1116207"]
[EventDate "2021.06.24"]

1. Nf3 d5 2. e3 Nf6 3. c4 e6 4. b3 Bd6 5. Bb2 O-O 6. Nc3 Re8 7. Nb5 Be7 8. Be5
Na6 9. Be2 c6 10. Nc3 Nc5 11. Qc2 a5 12. O-O Ncd7 13. Bg3 Nh5 14. Ng5 Bxg5 15.
Bxh5 Nf6 16. Be2 d4 17. Ne4 Nxe4 18. Qxe4 f5 19. Qd3 Bf6 20. Rae1 e5 21. Qb1 c5
22. f3 Ra6 23. Bd3 g6 24. Bf2 Rd6 25. exd4 cxd4 26. Re2 b6 27. Rfe1 Bb7 28. a3
Rde6 29. b4 axb4 30. axb4 Bc6 31. Bc2 R6e7 32. d3 g5 33. Bb3 Kh8 34. Qd1 Bb7 35.
Bg3 h5 36. Ba4 h4 37. Bxe8 hxg3 38. Bg6 Qd7 39. hxg3 Kg7 40. Bh5 b5 41. c5 Bc6
42. g4 Kh6 43. Kf2 e4 44. Rh1 e3+ 45. Kf1 Kg7 46. gxf5 Qxf5 47. Bg4 Qd5 48. Rb2
Qe5 49. Rh3 Ra7 50. Ke2 Qd5 51. Qh1 Ra2 52. Qb1 Ra3 53. Rh1 Be8 54. Bh5 Bd7 55.
g4 Qa8 56. Rf1 Bc6 57. Rb3 Ra1 58. Qc2 Qb8 59. f4 Rxf1 60. Kxf1 Qxf4+ 0-1

[Event "TCh-FRA Top 12 2021"]
[Site "Chalons en Champagne FRA"]
[Date "2021.06.30"]
[Round "7.5"]
[Board "5"]
[White "Riff, Jean-Noel"]
[Black "Hirth, Julien"]
[Result "1-0"]
[WhiteTitle "GM"]
[WhiteElo "2499"]
[BlackElo "2048"]
[WhiteTeam "Philidor Mulhouse"]
[BlackTeam "Club 608 Paris"]
[WhiteFideId "611190"]
[BlackFideId "636606"]
[EventDate "2021.06.24"]

1. e4 d6 2. Nc3 Nf6 3. f4 e5 4. Nf3 Be7 5. Bc4 exf4 6. d3 O-O 7. Bxf4 Nc6 8. O-O
Na5 9. Bb3 Nxb3 10. axb3 c6 11. Qd2 d5 12. e5 Ne8 13. Qf2 Nc7 14. Be3 b6 15. Ne2
Bd7 16. Qg3 Ne6 17. Ned4 Nxd4 18. Nxd4 Bc5 19. b4 Bxd4 20. Bxd4 Be6 21. Be3 Kh8
22. Rf4 Qc7 23. Raf1 c5 24. bxc5 bxc5 25. Qg5 d4 26. Bd2 f6 27. exf6 gxf6 28.
Rxf6 Rg8 29. Qh5 Qb7 30. g3 Qd5 31. Qxd5 Bxd5 32. R6f5 Rad8 33. Bg5 1-0

[Event "TCh-FRA Top 12 2021"]
[Site "Chalons en Champagne FRA"]
[Date "2021.06.30"]
[Round "7.5"]
[Board "6"]
[White "Lemonnier, Remi"]
[Black "Navrotescu, Andreea"]
[Result "1/2-1/2"]
[BlackTitle "WIM"]
[WhiteElo "2125"]
[BlackElo "2253"]
[WhiteTeam "Club 608 Paris"]
[BlackTeam "Philidor Mulhouse"]
[WhiteFideId "648280"]
[BlackFideId "675946"]
[EventDate "2021.06.24"]

1. e4 e6 2. d4 d5 3. e5 c5 4. c3 Nc6 5. Nf3 Bd7 6. Bd3 Rc8 7. dxc5 Bxc5 8. b4
Bb6 9. Na3 a6 10. Qe2 Nge7 11. b5 Na7 12. bxa6 bxa6 13. Bxa6 Rxc3 14. Bb2 Rc5
15. O-O Ra5 16. Bd3 Ng6 17. g3 O-O 18. h4 Re8 19. Ng5 Nf8 20. Qh5 g6 21. Qf3 Qe7
22. Nc2 Nc6 23. Rfe1 Rea8 24. a3 Be8 25. Nh3 d4 26. Bc1 Rxe5 27. Rxe5 Nxe5 28.
Qxa8 Nxd3 29. Bh6 Ne5 30. Nb4 f6 31. Rc1 d3 32. Rd1 Qd8 33. Qxd8 Bxd8 34. Nf4
Ba4 35. Rxd3 Nxd3 36. Nbxd3 e5 37. Bxf8 exf4 38. Bb4 fxg3 39. fxg3 Bb5 40. Nc5
Bb6 41. Kf2 Kf7 42. Kf3 Bc6+ 43. Ke3 Bc7 44. Kf2 h5 45. a4 g5 46. a5 gxh4 47.
gxh4 f5 48. Bd2 Kf6 49. Nd3 Ke6 50. Nf4+ Ke5 51. Nxh5 Ke4 52. Ng3+ Kd3 53. Bc1
f4 54. Ne2 f3 55. Ng1 Bxa5 56. Nxf3 Be8 57. Ng5 Bh5 58. Bf4 Bd8 59. Bd6 1/2-1/2

[Event "TCh-FRA Top 12 2021"]
[Site "Chalons en Champagne FRA"]
[Date "2021.06.30"]
[Round "7.5"]
[Board "7"]
[White "Frederic, Clement"]
[Black "Mendeiros, Jerome"]
[Result "1/2-1/2"]
[WhiteElo "2242"]
[BlackElo "2134"]
[WhiteTeam "Philidor Mulhouse"]
[BlackTeam "Club 608 Paris"]
[WhiteFideId "637319"]
[BlackFideId "607975"]
[EventDate "2021.06.24"]

1. e4 c6 2. d4 d5 3. f3 dxe4 4. fxe4 e5 5. Nf3 Bg4 6. Bc4 Nd7 7. O-O Ngf6 8. c3
Bd6 9. Bg5 h6 10. Bxf6 Nxf6 11. Qb3 O-O 12. Nxe5 Bxe5 13. dxe5 Nxe4 14. Bxf7+
Kh8 15. Qc4 Qb6+ 16. Qd4 Ng5 17. Qxb6 axb6 18. Bg6 Rxf1+ 19. Kxf1 Ra5 20. Nd2
Rxe5 21. Re1 Re6 22. Rxe6 Bxe6 23. a3 1/2-1/2

[Event "TCh-FRA Top 12 2021"]
[Site "Chalons en Champagne FRA"]
[Date "2021.06.30"]
[Round "7.5"]
[Board "8"]
[White "Auvray, Juliette"]
[Black "Zachary, Matheo"]
[Result "0-1"]
[BlackTitle "FM"]
[WhiteElo "2010"]
[BlackElo "2334"]
[WhiteTeam "Club 608 Paris"]
[BlackTeam "Philidor Mulhouse"]
[WhiteFideId "695904"]
[BlackFideId "26024691"]
[EventDate "2021.06.24"]

1. e4 c5 2. Nf3 Nc6 3. d4 cxd4 4. Nxd4 e5 5. Nb5 d6 6. c4 Be7 7. N5c3 Nf6 8. Bd3
O-O 9. O-O Nd7 10. Nd5 Bg5 11. Nbc3 Nc5 12. b4 Ne6 13. Bb2 b6 14. a3 Bb7 15. Bb1
Rc8 16. Ne2 Ne7 17. Qd3 Qd7 18. g3 Ba6 19. Ba2 Rfd8 20. f4 exf4 21. gxf4 Bh6 22.
Qg3 Nxd5 23. exd5 Nf8 24. b5 Bxb5 25. cxb5 Qxb5 26. Bf6 Qxe2 27. Bxd8 Rxd8 28.
Qf3 Qd2 29. Rf2 Qd4 30. Rd1 Qf6 31. Bb1 Rc8 32. Be4 Rc3 33. Rd3 Rc1+ 34. Kg2 Qa1
35. Re3 Rg1+ 36. Kh3 g6 37. Rg2 Rc1 38. Rc2 Rd1 39. Rc7 Rf1 40. Qe2 Rxf4 41. Rf3
Qg1 42. Rxf4 Bxf4 43. Qg2 Qe1 44. Qf3 g5 45. Qh5 Ng6 46. Qh6 g4+ 0-1

[Event "TCh-FRA Top 12 2021"]
[Site "Chalons en Champagne FRA"]
[Date "2021.06.30"]
[Round "7.6"]
[Board "1"]
[White "Bauer, Christian"]
[Black "Wirig, Anthony"]
[Result "1/2-1/2"]
[WhiteTitle "GM"]
[BlackTitle "GM"]
[WhiteElo "2639"]
[BlackElo "2500"]
[WhiteTeam "C'Chartres Echecs"]
[BlackTeam "Grasse Echecs"]
[WhiteFideId "603767"]
[BlackFideId "615013"]
[EventDate "2021.06.24"]

1. e4 c5 2. Nf3 e6 3. d4 cxd4 4. Nxd4 Nf6 5. Nc3 Nc6 6. Nxc6 bxc6 7. e5 Nd5 8.
Ne4 Qc7 9. f4 Qb6 10. c4 Bb4+ 11. Ke2 f5 12. exf6 Nxf6 13. Be3 Qd8 14. Nd6+ Bxd6
15. Qxd6 Bb7 16. Rg1 c5 17. Rd1 Ne4 18. Qd3 d5 19. Qxe4 dxe4 20. Rxd8+ Rxd8 21.
Bxc5 Kf7 22. Ke1 Rd7 23. Be2 Bc6 24. g4 a5 25. Rg3 a4 26. Ra3 Ra8 27. h4 1/2-1/2

[Event "TCh-FRA Top 12 2021"]
[Site "Chalons en Champagne FRA"]
[Date "2021.06.30"]
[Round "7.6"]
[Board "2"]
[White "Loiseau, Quentin"]
[Black "Mamedov, Rauf"]
[Result "1/2-1/2"]
[WhiteTitle "IM"]
[BlackTitle "GM"]
[WhiteElo "2459"]
[BlackElo "2654"]
[WhiteTeam "Grasse Echecs"]
[BlackTeam "C'Chartres Echecs"]
[WhiteFideId "665274"]
[BlackFideId "13401653"]
[EventDate "2021.06.24"]

1. d4 Nf6 2. c4 c5 3. d5 e6 4. Nf3 d6 5. h3 g6 6. Nc3 exd5 7. cxd5 Bg7 8. e4 O-O
9. Bd3 Re8 10. O-O a6 11. a4 Nbd7 12. Bf4 Qc7 13. Re1 Nh5 14. Bh2 c4 15. Be2 Rb8
16. Nd2 b5 17. axb5 axb5 18. Bxh5 gxh5 19. e5 Nxe5 20. Qxh5 Rf8 21. Nce4 f6 22.
Nf3 Bb7 23. Nd4 Bxd5 24. Nf5 Rbd8 25. Rad1 Qf7 26. Qh4 Bxe4 27. Rxe4 d5 28. Red4
Kh8 29. Re1 Qg6 30. Qf4 Nd3 31. Rxd3 cxd3 32. Rd1 Rfe8 33. g4 Re4 34. Qc7 Rde8
35. Rxd3 h5 36. Bg3 d4 37. f3 Re3 38. Nxe3 dxe3 39. Qd7 b4 40. Be1 hxg4 41. hxg4
Bf8 1/2-1/2

[Event "TCh-FRA Top 12 2021"]
[Site "Chalons en Champagne FRA"]
[Date "2021.06.30"]
[Round "7.6"]
[Board "3"]
[White "Lagarde, Maxime"]
[Black "Apicella, Manuel"]
[Result "1/2-1/2"]
[WhiteTitle "GM"]
[BlackTitle "GM"]
[WhiteElo "2648"]
[BlackElo "2506"]
[WhiteTeam "C'Chartres Echecs"]
[BlackTeam "Grasse Echecs"]
[WhiteFideId "662399"]
[BlackFideId "600164"]
[EventDate "2021.06.24"]

1. e4 e6 2. d4 d5 3. Nc3 Bb4 4. e5 Ne7 5. a3 Bxc3+ 6. bxc3 c5 7. Qg4 O-O 8. Bd3
f5 9. exf6 Rxf6 10. Bg5 Rf7 11. Qh5 g6 12. Qd1 Nbc6 13. Nf3 Qf8 14. O-O c4 15.
Be2 h6 16. Bc1 Bd7 17. a4 Kh7 18. Rb1 b6 19. a5 bxa5 20. h3 Rb8 21. Ra1 Rb5 22.
Qd2 Nf5 23. Ne5 Nxe5 24. dxe5 Bc6 25. Bg4 Ng3 26. Re1 Ne4 27. Qd4 Bd7 28. f3 Ng3
29. Kh2 Nf5 30. Qxa7 Qc5 31. Qxc5 Rxc5 32. f4 h5 33. Bf3 h4 34. Kg1 Bc6 35. Ba3
Rb5 36. Kf2 Rfb7 37. Ke2 Kg7 38. Kd2 Kf7 39. Bg4 d4 40. cxd4 Nxd4 41. Kc3 Nf5
42. Kxc4 Bxg2 43. Rad1 Bd5+ 44. Kd3 Rc7 45. Rb1 Bc4+ 46. Kd2 Rd5+ 47. Kc1 Bd3
48. Bd1 Rd4 49. Rb8 Rdc4 50. Bd6 Nxd6 51. exd6 Rd7 52. Re5 Rxd6 53. Rxa5 Rdc6
54. Ra7+ Rc7 55. Rxc7+ Rxc7 56. Rh8 Kg7 57. Rxh4 Bf5 58. Bg4 Rxc2+ 59. Kd1 Ra2
60. Ke1 Ra4 61. Kf2 Rxf4+ 62. Kg3 e5 63. Be2 Rd4 64. Rxd4 exd4 65. Kf4 Bc2 66.
Bf3 Kf6 67. h4 Bd3 68. Be4 Bf1 69. Bd5 1/2-1/2

[Event "TCh-FRA Top 12 2021"]
[Site "Chalons en Champagne FRA"]
[Date "2021.06.30"]
[Round "7.6"]
[Board "4"]
[White "Travadon, Loic"]
[Black "Guliyev, Namig"]
[Result "0-1"]
[WhiteTitle "IM"]
[BlackTitle "GM"]
[WhiteElo "2415"]
[BlackElo "2551"]
[WhiteTeam "Grasse Echecs"]
[BlackTeam "C'Chartres Echecs"]
[WhiteFideId "26092131"]
[BlackFideId "13400363"]
[EventDate "2021.06.24"]

1. e4 e5 2. d4 exd4 3. Nf3 c5 4. Bc4 d5 5. exd5 Nf6 6. O-O Be7 7. c3 Nxd5 8.
cxd4 Nb6 9. Bb5+ Bd7 10. Bxd7+ N8xd7 11. Nc3 O-O 12. Re1 Re8 13. Bf4 cxd4 14.
Nxd4 Bf8 15. Rxe8 Qxe8 16. Ndb5 Qe7 17. Qd2 Nc5 18. Re1 Qd7 19. Qxd7 Nbxd7 20.
Rd1 Nf6 21. Be3 Ng4 22. Bd4 a6 23. Nc7 Rc8 24. N7d5 Ne6 25. Bb6 h5 26. b3 Kh7
27. h3 Nh6 28. g3 Rc6 29. Kg2 g5 30. Ne4 Kg6 31. a4 Nf5 32. Nd2 Rc2 33. Nc4 Bc5
34. Bxc5 Nxc5 35. Nde3 Nxe3+ 36. Nxe3 Rb2 37. g4 Rxb3 38. Rd6+ Ne6 39. Nf5 hxg4
40. hxg4 Rb4 41. Kg3 a5 42. Ne7+ Kg7 43. Nf5+ Kf6 44. Rd5 b6 45. Ne3 Nc5 46.
Rf5+ Ke6 47. f3 Nxa4 48. Nd5 Rb3 49. Nc7+ Ke7 50. Rxg5 Nc3 51. Rg8 a4 52. Ra8 a3
53. Ra7 Kd6 54. Ne8+ Ke6 55. Ng7+ Kd5 56. Nf5 a2 57. Ne3+ Kd4 58. Nd1 Nxd1 59.
Rxa2 Nc3 60. Rd2+ Ke5 61. f4+ Ke6 62. Kh4 Nd5 63. Re2+ Kf6 64. Re5 Rd3 65. g5+
Kg7 66. f5 Rd4+ 67. Kg3 f6 68. Re6 fxg5 69. Rg6+ Kf7 70. Rxg5 b5 0-1

[Event "TCh-FRA Top 12 2021"]
[Site "Chalons en Champagne FRA"]
[Date "2021.06.30"]
[Round "7.6"]
[Board "5"]
[White "Maurizzi, Marc Andria"]
[Black "Milliet, Sophie"]
[Result "0-1"]
[WhiteTitle "IM"]
[BlackTitle "IM"]
[WhiteElo "2503"]
[BlackElo "2407"]
[WhiteTeam "C'Chartres Echecs"]
[BlackTeam "Grasse Echecs"]
[WhiteFideId "36083534"]
[BlackFideId "623725"]
[EventDate "2021.06.24"]

1. e4 e5 2. Nf3 Nc6 3. Bb5 a6 4. Ba4 Nf6 5. Nc3 Bc5 6. Bxc6 dxc6 7. d3 Ng4 8.
O-O Qe7 9. Ne2 Bd7 10. h3 h5 11. Ng3 O-O-O 12. Qe2 g6 13. c3 f6 14. d4 Bd6 15.
Re1 c5 16. dxe5 Nxe5 17. Nxe5 Qxe5 18. f4 Qe6 19. Qf2 h4 20. Nf1 Bc6 21. e5 fxe5
22. fxe5 Be7 0-1

[Event "TCh-FRA Top 12 2021"]
[Site "Chalons en Champagne FRA"]
[Date "2021.06.30"]
[Round "7.6"]
[Board "7"]
[White "Daulyte-Cornette, Deimante"]
[Black "Debray, Christopher"]
[Result "1-0"]
[WhiteTitle "IM"]
[BlackTitle "IM"]
[WhiteElo "2394"]
[BlackElo "2367"]
[WhiteTeam "C'Chartres Echecs"]
[BlackTeam "Grasse Echecs"]
[WhiteFideId "12802859"]
[BlackFideId "630810"]
[EventDate "2021.06.24"]

1. e4 e5 2. Nf3 Nf6 3. Nc3 Bb4 4. Nxe5 O-O 5. Nd3 Bxc3 6. dxc3 Nxe4 7. Be2 Re8
8. O-O d6 9. f3 Nf6 10. Bg5 Nbd7 11. Re1 Nf8 12. Qd2 h6 13. Bh4 Ng6 14. Bf2 Bf5
15. Rad1 a5 16. c4 b6 17. Nc1 a4 18. b4 axb3 19. cxb3 Nd7 20. g4 Be6 21. f4 f5
22. Bf3 fxg4 23. Rxe6 Rxe6 24. Bd5 Qf6 25. Bd4 Qf7 26. f5 Qxf5 27. Rf1 Qxf1+ 28.
Kxf1 Rf8+ 29. Kg1 Nf4 30. Qe3 Ne5 31. Bxe6+ Nxe6 32. Bxe5 dxe5 33. Qxe5 Ng5 34.
Kg2 Kh8 35. Qxc7 Nh3 36. Qxb6 h5 37. Qc5 Kg8 38. Qd5+ Rf7 39. Nd3 g5 40. c5 Kg7
41. Qd4+ Kh7 42. c6 1-0

[Event "TCh-FRA Top 12 2021"]
[Site "Chalons en Champagne FRA"]
[Date "2021.06.30"]
[Round "7.6"]
[Board "8"]
[White "Janzelj, Lara"]
[Black "Martsynovskaya, Marina"]
[Result "1-0"]
[WhiteTitle "WIM"]
[BlackTitle "WIM"]
[WhiteElo "2185"]
[BlackElo "2046"]
[WhiteTeam "Grasse Echecs"]
[BlackTeam "C'Chartres Echecs"]
[WhiteFideId "14608391"]
[BlackFideId "609218"]
[EventDate "2021.06.24"]

1. d4 d5 2. Nf3 e6 3. g3 f5 4. Bg2 Nf6 5. O-O Bd6 6. c4 b6 7. b3 O-O 8. Nc3 Bb7
9. Nb5 Be7 10. Bf4 Na6 11. Rc1 c6 12. Nc3 Rc8 13. cxd5 exd5 14. Ne5 Ba3 15. Rb1
Qe7 16. Bg5 Nc7 17. Qd3 Ne6 18. Bxf6 Rxf6 19. e3 Ng5 20. Ne2 Nf7 21. h4 Bd6 22.
Nf3 Nh6 23. Rbc1 Rff8 24. Ng5 Rce8 25. Rc2 g6 26. Rfc1 Ba3 27. Rb1 Ng4 28. Bf3
Nf6 29. Kg2 Ne4 30. Nh3 Bd6 31. Nef4 Kg7 32. Rh1 Kh8 33. Bd1 Kg7 34. Re2 Qd8 35.
f3 Nf6 36. Bc2 Qc8 37. Qd2 c5 38. h5 gxh5 39. Ree1 Re7 40. Qd3 Rfe8 41. Kf2 cxd4
42. exd4 Rxe1 43. Rxe1 Rxe1 44. Kxe1 Ba6 45. Qd2 h6 46. Bd3 Bxd3 47. Qxd3 h4 48.
Kf2 hxg3+ 49. Kg2 Kf7 50. Qe2 a6 51. Nd3 Qe8 52. Ne5+ Bxe5 53. dxe5 Nd7 54. f4
Ke6 55. Qxa6 Qh5 56. Qb5 Qd1 57. Qc6+ Ke7 58. Qd6+ Ke8 59. Qg6+ Kd8 60. Qxf5
Qd2+ 61. Kxg3 Nc5 62. Qf8+ Kd7 63. Qxh6 Qxa2 64. Qd6+ Ke8 65. Qc6+ Ke7 66. Qxd5
Qxb3+ 67. Qxb3 Nxb3 68. f5 Nc5 69. Kf4 b5 70. f6+ Kf8 71. Ng5 b4 72. e6 Nxe6+
73. Nxe6+ Kf7 74. Kf5 b3 75. Ng5+ Kf8 76. Ne4 b2 77. Nc3 1-0

[Event "TCh-FRA Top 12 2021"]
[Site "Chalons en Champagne FRA"]
[Date "2021.07.01"]
[Round "8.1"]
[Board "1"]
[White "Kasimdzhanov, Rustam"]
[Black "Lagarde, Maxime"]
[Result "1-0"]
[WhiteTitle "GM"]
[BlackTitle "GM"]
[WhiteElo "2662"]
[BlackElo "2648"]
[WhiteTeam "Vandoeuvre Echecs"]
[BlackTeam "C'Chartres Echecs"]
[WhiteFideId "14200244"]
[BlackFideId "662399"]
[EventDate "2021.06.24"]

1. e4 c6 2. d4 d5 3. exd5 cxd5 4. Bd3 Nc6 5. c3 Qc7 6. h3 e5 7. dxe5 Nxe5 8.
Bb5+ Nc6 9. Nf3 a6 10. Ba4 Bd6 11. O-O Ne7 12. Re1 O-O 13. Bc2 h6 14. Nbd2 Bd7
15. Nf1 Rad8 16. Ne3 Qc8 17. Qd3 Ng6 18. Nf5 Bxf5 19. Qxf5 Qxf5 20. Bxf5 Nge5
21. Nxe5 Bxe5 22. Bd2 Bf6 23. Rad1 g6 24. Bb1 Kg7 25. Kf1 Rd7 26. Be3 b5 27. Re2
Rfd8 28. g3 a5 29. Bd3 Rb7 30. Red2 b4 31. Ba6 Rbd7 32. Bb5 bxc3 33. bxc3 Rd6
34. Bb6 Rc8 35. Rxd5 Rxd5 36. Rxd5 Rb8 37. Bc7 Rb7 38. Bd6 Ne7 39. Rc5 Nf5 40.
Bf4 Bxc3 41. Bd3 Bb4 42. Rc6 Ne7 43. Be5+ Kh7 44. Ra6 Rd7 45. Be4 Nd5 1-0